Když se řekne komunitní práce

Saved in:
Bibliographic Details
Main Authors Šťastná, Jaroslava (Author), Hudcová, Eliška, 1982- (Author)
Format Book
LanguageCzech
Published Praha : Univerzita Karlova, nakladatelství Karolinum, 2026
EditionDruhé, přepracované vydání
Subjects
ISBN978-80-246-6347-0
Physical Description150 stran : ilustrace ; 21 cm

Cover

LEADER 00000aam a2200000 i 4500
001 115621
003 CZ ZlUTB
005 20260507100407.0
007 ta
008 260317s2026 xr a f p 000 0 cze d
015 |a cnb003743624 
020 |a 978-80-246-6347-0  |q (brožováno) 
040 |a ABA006  |b cze  |c ABA006  |d ABA006  |d ZLD002  |e rda 
041 0 |a cze  |b eng 
072 7 |a 364-1/-7  |x Druhy sociální pomoci a služeb  |2 Konspekt  |9 18 
072 7 |a 37.016  |x Učební osnovy. Vyučovací předměty. Učebnice  |2 Konspekt  |9 22 
080 |a 364-78-154  |2 MRF 
080 |a (07)  |2 MRF 
080 |a (048.8)  |2 MRF 
100 1 |a Šťastná, Jaroslava  |7 xx0025768  |4 aut 
245 1 0 |a Když se řekne komunitní práce /  |c Jaroslava Šťastná, Eliška Hudcová 
250 |a Druhé, přepracované vydání 
264 1 |a Praha :  |b Univerzita Karlova, nakladatelství Karolinum,  |c 2026 
300 |a 150 stran :  |b ilustrace ;  |c 21 cm 
336 |a text  |b txt  |2 rdacontent 
337 |a bez média  |b n  |2 rdamedia 
338 |a svazek  |b nc  |2 rdacarrier 
504 |a Obsahuje bibliografii a bibliografické odkazy 
546 |a Anglické resumé 
650 0 7 |a komunitní práce  |7 ph172908  |2 czenas 
650 0 9 |a community work  |2 eczenas 
655 7 |a monografie  |7 fd132842  |2 czenas 
655 7 |a učební texty  |7 fd133599  |2 czenas 
655 9 |a monographs  |2 eczenas 
655 9 |a educational texts  |2 eczenas 
700 1 |a Hudcová, Eliška,  |d 1982-  |7 mzk20191036598  |4 aut 
710 2 |a Univerzita Karlova  |7 kn20010710036  |4 isb 
710 2 |a Nakladatelství Karolinum  |7 ko2003164638  |4 pbl 
910 |a ZLD002 
928 9 |a Karolinum 
942 |2 udc 
952 |0 0  |1 0  |4 0  |6 364ŠŤASTNÁJ  |7 0  |8 BOOK  |9 191057  |a UTBZL  |b UTBZL  |c 005  |d 2026-05-07  |l 0  |o 364/ŠŤASTNÁ,J.  |p 420010201821  |r 2026-05-07 10:04:48  |v 260.00  |w 2026-05-07  |x N:nákup  |y 01 
952 |0 0  |1 0  |4 0  |6 364ŠŤASTNÁJ  |7 0  |8 BOOK  |9 191058  |a UTBZL  |b UTBZL  |c 006  |d 2026-05-07  |l 0  |o 364/ŠŤASTNÁ,J.  |p 420010201822  |r 2026-05-07 10:05:14  |v 260.00  |w 2026-05-07  |x N:nákup  |y 04 
992 |a BK  |b SKNEW 
999 |c 115621  |d 115621